Normal view MARC view

Entry Personal Name

Number of records used in: 1

001 - CONTROL NUMBER

  • control field: 1136373

003 - CONTROL NUMBER IDENTIFIER

  • control field: OSt

005 - DATE AND TIME OF LATEST TRANSACTION

  • control field: 20260320201936.0

008 - FIXED-LENGTH DATA ELEMENTS

  • fixed length control field: 260320|| aca||aabn | a|a d

040 ## - CATALOGING SOURCE

  • Original cataloging agency: OSt
  • Transcribing agency: OSt

100 ## - HEADING--PERSONAL NAME

  • Personal name: Tibi

670 ## - SOURCE DATA FOUND

  • Source citation: Work cat.: (OSt)1724402: Tibi, Pragmatic Test-Driven Development in C# and .NET: Write loosely coupled, documented, and high-quality code with DDD using familiar tools and libraries
Copyright @ Delhi University Library System